| 000 | 00717cam a2200229 4500 | ||
|---|---|---|---|
| 001 | ABS61977 | ||
| 008 | 000000n2000 000 0 eng u | ||
| 035 | _a(Sirsi) u104363 | ||
| 100 | _aGoodwyn, E. | ||
| 245 | _aSacking offences | ||
| 260 | _c2000 | ||
| 490 |
_aBuilding _v265(8173) 11 February 2000 55(1) |
||
| 520 | _aDescribes the rights which disabled employees have and the implications for employers of the Disability Discrimination Act 1995 and the Disability Rights Commission. | ||
| 590 | _aABS | ||
| 650 | _aEMPLOYERS | ||
| 650 | _aEMPLOYEES | ||
| 650 | _aDISABILITY | ||
| 650 | _aDISABILITY DISCRIMINATION ACT 1995 | ||
| 650 | _aDISABILITY RIGHTS COMMISSION | ||
| 690 | _aLAW | ||
| 942 | _n0 | ||
| 999 |
_c62609 _d62609 |
||